书目信息 |
| 书名: | Managing the new enterprise | |
| 作者: | Harris Kern ... [et al.]. | |
| 分册号: | ||
| 分册名: | 出版地: | Upper Saddle River, NJ : |
|
| 出版社: | SunSoft Press | |
| 出版时间: | c1996. | |
| 页数: | xxiv, 212 p. : | |
| 开本: | 25 cm. | |
| 丛书名: | ||
| 中图分类号: | ||
| 科图分类号: | ||
| 其他分类号: | F27 | |
| 主题词: | ||
| 电子资源: | ||
| 000 | 01002nam a2200289 a 450 | |
| 001 | E0731615550 | |
| 005 | 20070506085143.15 | |
| 008 | 960628s1996 njua 001 0 eng | |
| 010 | @a96164778 | |
| 020 | @a0132311844. | |
| 035 | @A(DLC) 96164778 | |
| 040 | @aDLC@cDLC | |
| 050 | 00 | @aQA76.9.C55@bM35 1996 |
| 090 | @aF27 | |
| 099 | @dF27@ex23 | |
| 245 | 00 | @aManaging the new enterprise :@bthe proof, not the hype / @cHarris Kern ... [et al.]. |
| 260 | @aUpper Saddle River, NJ :@bSunSoft Press,@cc1996. | |
| 300 | @axxiv, 212 p. :@bill. ;@c25 cm. | |
| 500 | @aIncludes index. | |
| 650 | 0 | @aElectronic data processing@xDistributed processing. |
| 650 | 0 | @aClient/server computing. |
| 650 | 0 | @aInformation technology@xManagement. |
| 700 | 1 | @aKern, Harris. |
| 906 | @a7@bcbc@corignew@d2@encip@f19@gy-gencatlg | |
| 922 | @aco | |
| 955 | @apb16 06-28-96 to Cat.; se40 07-09-96; jf11 to sl 07-15-96;jf12 07-19-96 | |
| 991 | @bc-GenColl@hQA76.9.C55@iM35 1996@p00034808326@tCopy 1@wBOOKS | |
| Managing the new enterprise : : the proof, not the hype / / Harris Kern ... [et al.].-Upper Saddle River, NJ : : SunSoft Press, , c1996. |
| xxiv, 212 p. : : ill. ; ; 25 cm. |
| Includes index. |
| ISBN 0132311844. |
| ● |
| 相关链接 |
|
|
|
|
正题名:Managing the new enterprise
索取号:F27/x23
 
预约/预借
| 序号 | 登录号 | 条形码 | 馆藏地/架位号 | 状态 | 备注 |
| 1 | 007068 | 300070688 | 第二样本阅览室/ [索取号:F27/x23] | 在馆 |